Desde El podium (Record no. 7705)

MARC details
000 -LEADER
campo de control de longitud fija 00352nam a2200145Ia 4500
001 - NÚMERO DE CONTROL
campo de control 2276
008 - DATOS DE LONGITUD FIJA--INFORMACIÓN GENERAL
campo de control de longitud fija 241024s9999 xx 000 0 und d
020 ## - NÚMERO INTERNACIONAL ESTÁNDAR DEL LIBRO
Número Internacional Estándar del Libro 978-9945-00-526-4
082 ## - NÚMERO DE LA CLASIFICACIÓN DECIMAL DEWEY
Número de clasificación RD/865.44/SI593d
100 ## - ENTRADA PRINCIPAL--NOMBRE DE PERSONA
Nombre de persona Dennis R. Simó Torre
245 #0 - MENCIÓN DEL TÍTULO
Título Desde El podium
260 ## - PUBLICACIÓN, DISTRIBUCIÓN, ETC.
Nombre del editor, distribuidor, etc. Ed. Búho
Fecha de publicación, distribución, etc. 2012
901 ## - ELEMENTOS DE DATOS A LOCAL LDA (RLIN)
a 18/6/2012 10:03:00 a.m.

No items available.

© 2024. Todos los Derechos Reservados. Desarrollado por IDEICE